| 000 | 00888nam a2200253 4500 | ||
|---|---|---|---|
| 001 | 2525374 | ||
| 005 | 20220407104659.0 | ||
| 007 | 000 | ||
| 008 | 000 | ||
| 010 | _a 93042571 | ||
| 020 | _a0130887900 | ||
| 040 |
_aDLC _cDLC _dDLC |
||
| 050 | 0 | 0 |
_aQD33 _b.A76 1994 |
| 082 | 0 | 0 |
_a540 _220 |
| 245 | 0 | 0 |
_aAtoms, Molecules, and Reactions : _bAn Introduction to Chemistry / _cRonald J. Gillespie ... [et al.]. |
| 260 |
_aEnglewood Cliffs, NJ : _bPrentice Hall, _cc1994. |
||
| 300 |
_axxv, 747 p. : _bill. (some col.) ; _c26 cm. |
||
| 500 | _aIncludes index. | ||
| 650 | 0 | _aChemistry. | |
| 700 | 1 |
_aGillespie, Ronald J. _q(Ronald James) |
|
| 906 |
_a7 _bcbc _corignew _d1 _eocip _f19 _gy-gencatlg |
||
| 942 |
_2lcc _cLL |
||
| 999 |
_c17429 _d17429 |
||